| 000 | 01697nam0a2200325 4500 | ||
|---|---|---|---|
| 001 | RU\NLR\b_ik\153962 | ||
| 005 | 20260409071610.0 | ||
| 010 |
_a5-87245-123-7 _9700 |
||
| 035 | _a(NLR Aleph) 002226971 | ||
| 090 |
_a3375729 _c3375729 |
||
| 100 | _a20061120d2006 |||y0rusy50 ca | ||
| 101 | 1 |
_afre _crus |
|
| 102 | _aRU | ||
| 105 | _aacgh||||||||| | ||
| 200 | 1 |
_aSouvenirs _ehommage à D. Chostakovitch _fFiodor Droujinine _gtrad. de Claire Chernikina _gred. de E.S. Chervinskaia |
|
| 210 |
_aMoscou _cMuseum Grӕco-Latinum _d2006 |
||
| 215 |
_a274 с., [20] л. ил., факс., портр., нот. _cил., факс., портр., нот. _d21 |
||
| 300 | _aВ вып. дан. на вклейке: Воспоминания : страницы жизни и творчества : памяти Д. Шостаковича / Ф.С. Дружинин | ||
| 517 | 0 |
_aВоспоминания _eстраницы жизни и творчества _eпамяти Д. Шостаковича |
|
| 541 | 0 |
_aДружинин:воспоминания _zrus |
|
| 600 | 0 | 1 |
_aДружинин _bФ.С. _f1932 - 2007 _gФедор Серафимович _jВоспоминания, записки и т.п. _92304495 _3RU\NLR\AUTH\661379528 |
| 600 | 1 |
_aШостакович _bД. Д. _gДмитрий Дмитриевич _f1906 - 1975 _3RU\NLR\AUTH\66734588 _91658461 |
|
| 686 | 4 | _aЩ313(2Р=Рус)7-83Дружинин | |
| 686 | 4 | _aЩ313(2Р=Рус)7-81Шостакович | |
| 700 | 1 |
_aDružinin _bF. S. _gFedor Serafimovič _4070 |
|
| 702 | 1 |
_aŠostakovič _bD. D. _f1906-1975 _gDmitrij Dmitrievič _4570 |
|
| 801 | 0 |
_aRU _bNLR _c20061120 _gPSBO |
|
| 942 | _cBOOK | ||
| 980 | _aNB | ||